Grammatik und Bedeutung der kausalen Satzverbände : because, as, since und for im schriftsprachlichen Englisch /

Bibliographic Details
Main Author: Breul, Carsten
Format: Book
Language:German
Published: Tübingen : Max Niemeyer, 1997.
Series:Linguistische Arbeiten (Max Niemeyer Verlag) ; 368.
Subjects:

MARC

Tag First Indicator Second Indicator Subfields
LEADER 00000cam a2200000 a 4500
001 in00001643213
005 20151023105046.0
008 980316s1997 gw a b 001 0 ger c
010 |a  98126611  
020 |a 3484303689 
035 |a (OCoLC)ocm38012038 
040 |a DLC  |d DLC  |d TXA  |d UtOrBLW 
049 |a TXAM 
050 0 0 |a PE1335  |b .B72 1997 
082 0 0 |a 425  |2 21 
100 1 |a Breul, Carsten. 
245 1 0 |a Grammatik und Bedeutung der kausalen Satzverbände :  |b because, as, since und for im schriftsprachlichen Englisch /  |c Carsten Breul. 
264 1 |a Tübingen :  |b Max Niemeyer,  |c 1997. 
300 |a x, 197 pages :  |b illustrations ;  |c 24 cm. 
336 |a text  |b txt  |2 rdacontent 
337 |a unmediated  |b n  |2 rdamedia 
338 |a volume  |b nc  |2 rdacarrier 
490 1 |a Linguistische Arbeiten,  |x 0344-6727 ;  |v 368 
650 0 |a English language  |x Prepositions. 
650 0 |a English language  |x Semantics. 
830 0 |a Linguistische Arbeiten (Max Niemeyer Verlag) ;  |v 368. 
948 |a cataloged  |b h  |c 2002/1/4  |d c  |e dmitchel  |f 11:16:14 am 
994 |a E0  |b TXA 
999 |a MARS 
999 f f |s 4a03c771-944d-308b-9d3f-4aa4fda51c79  |i 2198f1c5-1d30-3ec6-94d3-041c50791f78  |t 0 
952 f f |p ric  |a Texas A&M University  |b Rellis Campus  |c Joint Library Facility  |d Remote Storage  |t 0  |e PE1335 .B72 1997  |h Library of Congress classification  |i unmediated -- volume  |m A14828364378 
998 f f |a PE1335 .B72 1997  |t 0  |l Remote Storage